Music Quiz

Random Music or Artist Quiz

Weird Al Song Parodies Quiz Stats

 Plays Quiz Updated Nov 27, 2018

Score 0/20 Timer 05:00
2 Plays Today
Real Song - Artist Weird Al Parody % Correct
Beat it - Michael JacksonEat it
88.8%
Gangsta's Paradise - CoolioAmish Paradise
77.2%
Bad - Michael JacksonFat
66.2%
Like a Virgin - MadonnaLike a Surgeon
60.7%
Ridin' - ChamillionaireWhite and Nerdy
59.9%
Another One Bites the Dust - QueenAnother One Rides the Bus
43.9%
Smells Like Teen Spirit - NirvanaSmells Like Nirvana
43.8%
Pretty Fly (For a White Guy) - OffspringPretty Fly For a Rabbi
40.6%
I Love Rock and Roll - Joan JettI Love Rocky Road
38.9%
Lola - The KinksYoda
36.8%
Real Song - Artist Weird Al Parody % Correct
My Sharona - The KnackMy Bologna
34.7%
I Want It That Way - Backstreet Boysebay
30.7%
It's All About the Benjamins - Puff DaddyIt's All About the Pentiums
28.7%
American Pie - Don McLeanThe Saga Begins
25.5%
You Got It (The Right Stuff) - New Kids on the BlockThe White Stuff
22%
Girls Just Wanna Have Fun - Cyndi LauperGirls Just Wanna Have Lunch
21.4%
Waterfalls - TLCPhony Calls
20.5%
Addicted to Love - Robert PalmerAddicted to Spuds
19.8%
Zoot Suit Riot - Cherry Poppin' DaddiesGrapefruit Diet
18.5%
Stand - REMSpam
12.1%

You're not logged in!

Compare scores with friends on all Sporcle quizzes.
OR
Log In

Sporcle TV

Today on Sporcle TV


Watch our educational content, quiz creation guides, and fun videos on Sporcle TV.

Show Comments

Extras

Top Quizzes Today


Score Distribution

Your Account Isn't Verified!

In order to create a playlist on Sporcle, you need to verify the email address you used during registration. Go to your Sporcle Settings to finish the process.

Report this User

Report this user for behavior that violates our Community Guidelines.

Details: